Villes du Championnat d'Europe de football 2012 - Statistiques

Statistiques générales
  • Ce quiz a été pris 17 fois
  • Le résultat moyen est 5 sur 8
Statistiques - réponses
Par images Réponse % Correct
Varsovie
100%
Kiev
88%
Donetsk
76%
Gdańsk
65%
Kharkiv
59%
Lviv
47%
Wrocław
47%
Poznań
41%
Aucun quiz correspondant
Distribution des résultats
% des personnes avec chaque résultat
Percentile par nombre de réponses
Votre historique - résultats
Vous n’avez pas pris ce quiz